000
00221nam a2200097Ia 4500
008
240331s9999 xx 000 0 und d
082
_a
297.4
_b
BUR
100
_a
Burckhardt, T
245
3
_a
An introduction to Sufism
942
_c
L
999
_c
944
_d
944